| 000 | 01785nam a2200325 i 4500 | ||
|---|---|---|---|
| 001 | 000026436 | ||
| 003 | DO-SdBNP | ||
| 005 | 20240313091144.0 | ||
| 007 | ta | ||
| 008 | 110317s1999 dr a r 001 0 spa d | ||
| 040 |
_aDO-SdBNP _bspa _cBNPHU _erda |
||
| 082 | 4 |
_a339.47 _bE56n, 1999 _222 |
|
| 245 | 0 | 0 |
_aEncuesta nacional de gastos e ingresos de los hogares : octubre 1997-Septiembre 1998 / _cBanco Central de la República Dominicana, Departamento de Cuentas Nacionales y Estadísticas Económicas. |
| 264 | 1 |
_aSanto Domingo : _bBanco Central, _c1999. |
|
| 300 |
_a5 volumenes : _bilustraciones, gráficos ; _c28 cm. |
||
| 336 |
_2rdacontent _atexto _btxt |
||
| 337 |
_2rdamedia _asin mediación _bn |
||
| 338 |
_2rdacarrier _avolumen _bnc |
||
| 500 | _aLa biblioteca posee el v.1, v. 2 y el 5 | ||
| 500 | _aEncuesta nacional de gasto e ingresos de los hogares, octubre 1997- septiembre 1998 | ||
| 505 | 0 |
_av. 1-- _t Metodología de la tercera encuesta nacional de gastos e ingresos de los hogares -- _gV.2-- _tMetodología del cambio de base del índice de precios al consumidor (base enero 1999) -- _gv.3 _tIndicadores sociales -- _gv.4-- _tGastos e ingresos de los hogares -- _gv.5-- _tSituacíon de la pobreza y distribución del ingreso en la República Dominicana. |
|
| 590 | _aInventariado, 2018/BT | ||
| 650 | 4 |
_aCosto y nivel de vida _zRepública Dominicana _xEstadísticas _y1998 _953483 |
|
| 650 | 4 |
_aEncuestas de hogares _zRepública Dominicana _xEstadísticas _y1998 _953484 |
|
| 650 | 4 |
_aEconomia doméstica _zRepública Dominicana _xEstadísticas _y1998 _953485 |
|
| 650 | 4 |
_aPrecios _zRepública Dominicana _xEstadísticas _y1998 _953486 |
|
| 650 | 4 |
_aRentas _zRepública Dominicana _xEstadísticas _y1998 _953487 |
|
| 910 | _aValidado. Control de calidad. MFF | ||
| 942 |
_2ddc _cLBS1 |
||
| 999 |
_c25928 _d25928 |
||